000 00742nam a22002055i 4500
001 170377
003 ES-MaACL
005 20230906214354.0
008 090227s1932 fr |||| | fre d
080 _a782.6
100 0 _aClairville.
_9138014
245 1 4 _aLes cloches de Corneville
_b: opéra-comique en trois actes et quatre tableaux et un ballet /
_cpar Clairville & Ch. Gabet ; musique de Robert Planquette.
250 _a58 éme. ed.
260 _aParis :
_bC. Joubert & Cie.,
_c1932.
300 _a112 p. ;
_c18 cm.
650 1 4 _aOperetas-
_vLibretos.
_9139352
700 1 _aGabet, Charles.
_9138042
700 1 _aPlanquette, Robert.
_9131213
852 _aES-MaACL
_j2250-F-19
_9R.141021
_z.- Biblioteca Jacinto Martínez Lacalle
999 _c170377
_d170377